| 000 | 00684cam a22002291 4500 | ||
|---|---|---|---|
| 999 |
_c5320 _d5320 |
||
| 001 | 10142992 | ||
| 003 | OSt | ||
| 005 | 20190102201608.0 | ||
| 008 | 770726s1926 mou 000 0 eng | ||
| 010 | _a 27011302 | ||
| 035 | _a(OCoLC)3140358 | ||
| 040 |
_aDLC _cCCmS _dDLC |
||
| 042 | _apremarc | ||
| 050 | 0 | 0 |
_aRZ401 _b.Y4 |
| 082 |
_a234.13 _bY46H |
||
| 100 | 1 |
_aYeomans, Lilian B. _q(Lilian Barbara), _d1861-1942. |
|
| 245 | 1 | 0 |
_aHealing from heaven / _cby Lilian B. Yeomans. |
| 260 |
_aSpringfield, Mo. : _bGospel Publishing House, _c[1926]. |
||
| 300 |
_a3 p., l, 11-139 p. : _bfront. (port.) ; _c19 cm. |
||
| 906 |
_a7 _bcbc _coclcrpl _du _encip _f19 _gy-gencatlg |
||
| 942 |
_2ddc _cBK |
||